Železany – účinný spôsob odstraňovania mikropolutantov z odpadových vôd
Enregistré dans:
| Auteur principal: | |
|---|---|
| Autres auteurs: | |
| Format: | Manuscrit Livre |
| Langue: | slovaque |
| Publié: |
2016
|
| Sujets: | |
| Accès en ligne: | http://is.stuba.sk/zp/portal_zp.pl?podrobnosti=113594 |
| Tags: |
Pas de tags, Soyez le premier à ajouter un tag!
|
MARC
| LEADER | 00000ntm a22000003a 4500 | ||
|---|---|---|---|
| 001 | stuzp58109 | ||
| 003 | SK-STU | ||
| 005 | 20160719155452.6 | ||
| 007 | ta | ||
| 008 | 150427s2015----xo-----f-mn---000-0-slo-d | ||
| 040 | |a STU |b slo | ||
| 041 | 0 | |a slo | |
| 100 | 1 | |a Rybanská, Mária |u 046290 |4 aut |U FCHPT Ústav chemického a environmentálneho inžinierstva |T FCHPT Oddelenie environmentálneho inžinierstva |X 65886 |U C6290 |Y 120 |7 65886 | |
| 242 | 0 | 1 | |a Ferrate (VI) - effective elimination of micropollutants from wastewater |y eng |
| 245 | 1 | 0 | |a Železany – účinný spôsob odstraňovania mikropolutantov z odpadových vôd |
| 260 | |c 2016 | ||
| 650 | 4 | |a železany (FeVI) |2 slo | |
| 650 | 4 | |a mikropolutanty |2 slo | |
| 650 | 4 | |a odpadové vody |2 slo | |
| 650 | 4 | |a čistenie |2 slo | |
| 650 | 4 | |a wastewater |2 eng | |
| 650 | 4 | |a wastewater treatment |2 eng | |
| 650 | 4 | |a ferrates (FeVI) |2 eng | |
| 650 | 4 | |a micropollutants |2 eng | |
| 700 | 1 | |a Mackuľak, Tomáš |u 046290 |k Z2 |4 ths |U FCHPT Ústav chemického a environmentálneho inžinierstva |T FCHPT Oddelenie environmentálneho inžinierstva |X 25433 |U C6290 |Y 120 |7 A000025433 | |
| 856 | 4 | |u http://is.stuba.sk/zp/portal_zp.pl?podrobnosti=113594 | |
| SQL | |a stuzp58109 |b DBP |c SLO |d Železany – účinný spôsob odstraňovania mikropolutantov z odpadových vôd |e 65886 |f Rybanská, Mária |g 046290 |h 25433 |i Mackuľak, Tomáš |j 20160711 |k 752 |l 04 |m http://is.stuba.sk/zp/portal_zp.pl?podrobnosti=113594 |n B-BIOPOT |o 5.2.25. biotechnológie | ||